000 00689cam a22002413a 4500
001 30530
003 PGUSA
005 20140828083647.0
008 091123s2009||||xxu|||||s|||||000 1 eng d
040 _aPGUSA
_beng
042 _adc
050 4 _aPT
100 1 _aKielland, Alexander Lange,
_d1849-1906
245 1 0 _aSkipper Worse
_h[electronic resource] /
_cAlexander Lange Kielland
260 _bProject Gutenberg,
_c2009
506 _aPublic domain in the USA.
516 _aElectronic text
653 _aNorway -- Fiction
700 1 _aNeilson, William Allan,
_d1869-1946
830 0 _aProject Gutenberg
_v30530
856 4 0 _uhttp://www.gutenberg.org/ebooks/30530
942 _cEB
999 _c259785
_d259785